000 00459nam a2200157 4500
001 138624
003 ES-MaACL
005 20230906195612.0
007 t|
008 070214s1970 sp r ||||1| spa d
100 1 _aSantana, Juan.
_9103323
245 1 0 _aAsturianos casi olvidados /
_cJuan Santana.
_n, . Primera serie.
260 _aOviedo :
_b[s. n.],
_c1970 (
_fGráf. Lux)
300 _a266 p., 29 lám. ;
_c21 cm.
852 _aES-MaACL
_jL-2856
_bR.74820
999 _c138624
_d138624